Catálogo

El proceso de la comunicación : (Registro nro. 43985)

Detalles MARC
000 -LEADER
fixed length control field 01339cam a2200337 i 4500
001 - CONTROL NUMBER
control field 43985
003 - CONTROL NUMBER IDENTIFIER
control field Mx-PuUPA
005 - DATE AND TIME OF LATEST TRANSACTION
control field 20250715130157.0
008 - FIXED-LENGTH DATA ELEMENTS--GENERAL INFORMATION
fixed length control field 140415s1995 ag gr 000 0 spa d
020 ## - INTERNATIONAL STANDARD BOOK NUMBER
International Standard Book Number 9500262215
040 ## - CATALOGING SOURCE
Original cataloging agency Mx-PuUPA
Language of cataloging spa
Transcribing agency Mx-PuUPA
Modifying agency Mx-PuUPA
Description conventions rda
041 1# - LANGUAGE CODE
Language code of text/sound track or separate title spa
Language code of original eng
100 1# - MAIN ENTRY--PERSONAL NAME
Personal name Berlo, David K.,
Dates associated with a name 1929-‏
9 (RLIN) 5763
Relator term autor
240 10 - UNIFORM TITLE
Uniform title The process of communication, an introduction to theory and practice.
Language of a work Español
245 13 - TITLE STATEMENT
Title El proceso de la comunicación :
Remainder of title introducción a la teoría y a la práctica /
Statement of responsibility, etc. David K. Berlo ; traducción de Silvina González Roura y Giovanna Winckhler
250 ## - EDITION STATEMENT
Edition statement Primera edición
264 #1 - PRODUCTION, PUBLICATION, DISTRIBUTION, MANUFACTURE, AND COPYRIGHT NOTICE
Place of production, publication, distribution, manufacture Buenos Aires :
Name of producer, publisher, distributor, manufacturer El Ateneo,
Date of production, publication, distribution, manufacture, or copyright notice 1969
-- ©1995
300 ## - PHYSICAL DESCRIPTION
Extent x, 173 páginas ;
Dimensions 22 cm
336 ## - CONTENT TYPE
Fuente rdacontent
Content type term texto
Content type code txt
337 ## - MEDIA TYPE
Source rdamedia
Media type term sin medio
Media type code n
338 ## - CARRIER TYPE
Source rdacarrier
Carrier type term volumen
Carrier type code nc
490 0# - SERIES STATEMENT
Series statement La comunicación
500 ## - GENERAL NOTE
General note Reimpresiones: (17a.)
650 #7 - SUBJECT ADDED ENTRY--TOPICAL TERM
Source of heading or term armarc
Topical term or geographic name entry element Comunicación
700 1# - ADDED ENTRY--PERSONAL NAME
Personal name González Roura, Silvina,
Relator term traductor
700 1# - ADDED ENTRY--PERSONAL NAME
Personal name Winckhler, Giovanna,
Relator term traductor
765 0# - ORIGINAL LANGUAGE ENTRY
Main entry heading Berlo, David K. 1929-
Title The process of communication, an introduction to theory and practice.
Place, publisher, and date of publication New York : Horlt, Rinehart and Winston, 1960
942 ## - ADDED ENTRY ELEMENTS (KOHA)
Source of classification or shelving scheme Dewey Decimal Classification
Koha item type Libro
Classification part 302.2
Item part B418
Existencias
Withdrawn status Lost status Source of classification or shelving scheme Damaged status Not for loan Collection code Home library Current library Shelving location Date acquired Source of acquisition Total Checkouts Full call number Barcode Date last seen Price effective from Koha item type
    Dewey Decimal Classification     General Biblioteca Karol Wojtyla Biblioteca Karol Wojtyla Sala general 25/09/2017 Compra   302.2 B418 1995 31558 05/01/2026 25/09/2017 Libro